[Event "Swedish Elitserien 2021-22"]
[Site "Sodertalje"]
[Date "2022.05.14"]
[Round "8.19"]
[White "Seo, Jung Min"]
[Black "Engqvist, Thomas"]
[Result "1-0"]
[WhiteElo "2483"]
[BlackElo "2332"]
[Annotator "TA"]
[PlyCount "173"]
[EventDate "2022.05.13"]
[EventType "team-tourn"]
[EventCountry "SWE"]
[SourceTitle "playchess.com"]
[Source "ChessBase"]
[SourceQuality "1"]

{[%evp 23,173,16,33,23,16,11,25,0,39,27,22,22,36,22,18,23,26,24,20,25,29,29,30,27,28,27,26,21,25,25,25,0,2,0,26,16,17,17,23,16,14,0,19,16,41,14,39,34,45,14,14,14,14,14,14,14,27,0,28,14,14,14,28,14,29,0,21,14,14,14,14,0,14,14,14,14,14,11,14,17,43,35,48,48,48,21,71,27,72,27,69,55,104,104,104,104,114,112,109,89,131,116,123,127,175,145,159,0,95,95,95,95,95,95,507,478,478,476,441,439,1330,421,1287,1179,1130,1079,1424,1256,1132,877,845,1255,2132,2160,2056,2202,2004,1974,1656,1612,29981,29982,29982,29982,29982,29983,29983,29984,29984,29985,29984,29985]} 1. d4 {[%emt 0:00:01]} Nf6 {[%emt 0:00:44]} 2. c4 {[%emt 0:00:04]} c6 {[%emt 0:00:59]} 3. Nf3 {[%emt 0:00:17]} d5 {[%emt 0:00:06]} 4. e3 {[%emt 0:00:10]} g6 {[%emt 0:01:02]} 5. Nc3 {[%emt 0:00:18]} Bg7 {[%emt 0:00:14]} 6. Bd3 {[%emt 0:00:32]} O-O {[%emt 0:00:16]} 7. O-O {[%emt 0:00:29]} Bg4 {[%emt 0:00:19]} 8. h3 {[%emt 0:00:22]} Bxf3 {[%emt 0:00:03]} 9. Qxf3 {[%emt 0:00:03]} e6 {[%emt 0:00:28]} 10. Rd1 {[%emt 0:03:08]} Nbd7 {[%emt 0:00:06]} 11. b3 {[%emt 0:00:56][%cal Bb2b3,Bb3b4][%mdl 32]} Re8 {[%emt 0:03:09]} 12. Bb2 {[%emt 0:01:17]} a6 {[%emt 0:04:46]} 13. Qe2 {[%emt 0:02:55] D94: Grünfeld: 4 Nf3 Bg7 5 e3.} Qc7 {[%emt 0:01:11]} 14. Rac1 {[%emt 0:01:20]} Rad8 {[%emt 0:03:25]} 15. Qc2 {[%emt 0:01:25] White has an edge.} Qb8 {[%emt 0:01:42]} 16. b4 {[%emt 0:02:43] [#]} dxc4 $146 {[%emt 0:04:25]} ({Predecessor:} 16... e5 17. cxd5 exd4 18. exd4 cxd5 19. Qb3 Nf8 20. Bf1 Ne6 21. g3 h5 22. h4 Ng4 {½-½ (38) Shariyazdanov,A (2525)-Minasian,A (2440) Krasnodar 1997}) 17. Bxc4 {[%emt 0:00:51]} Nd5 {[%emt 0:01:30]} 18. a3 {[%emt 0:03:43]} Nxc3 {[%emt 0:04:55]} 19. Bxc3 {[%emt 0:00:42]} Nb6 {[%emt 0:01:59]} 20. Ba2 {[%emt 0:03:25]} Nd5 {[%emt 0:11:40]} 21. Be1 {[%emt 0:03:10]} h5 {[%emt 0:06:57]} 22. a4 {[%emt 0:04:04]} Qd6 {[%emt 0:10:56]} 23. Qc4 {[%emt 0:01:57]} Nc7 {[%emt 0:02:46]} 24. Bb3 {[%emt 0:02:26]} Rd7 {[%emt 0:02:18]} 25. Bc2 {[%emt 0:02:10]} Red8 {[%emt 0:09:43]} 26. Qb3 {[%emt 0:02:42]} Kh7 {[%emt 0:06:07]} 27. Bc3 {[%emt 0:02:20]} Nd5 {[%emt 0:03:15]} 28. Be1 {[%emt 0:00:11]} Nc7 {[%emt 0:00:22] Inhibits b5.} 29. Rd3 {[%emt 0:02:15]} e5 {[%emt 0:01:46]} 30. dxe5 {[%emt 0:00:26]} Qxe5 {[%emt 0:00:07]} 31. Rxd7 {[%emt 0:00:10]} Rxd7 {[%emt 0:00:05]} 32. Rb1 {[%emt 0:00:49]} Nd5 {[%emt 0:08:23]} 33. Rd1 {[%emt 0:01:30]} Qc7 {[%emt 0:04:30]} (33... Rc7 {feels hotter.} 34. b5 axb5 35. axb5 Nc3) 34. Bd3 {[%emt 0:03:30]} Kg8 {[%emt 0:03:45]} 35. Bf1 {[%emt 0:03:18]} Qd8 {[%emt 0:00:35]} 36. Rc1 {[%emt 0:00:33]} Nc7 {[%emt 0:00:18]} 37. Be2 {[%emt 0:00:54]} Bf6 {[%emt 0:00:26]} 38. Qc4 {[%emt 0:02:47]} Kg7 {[%emt 0:00:06]} 39. Qc5 {[%emt 0:00:40]} Qe7 {[%emt 0:03:35]} 40. Qc4 {[%emt 0:03:22]} Qe6 {[%emt 0:00:35]} 41. Qc2 {[%emt 0:02:16]} Qe5 {[%emt 0:00:21]} 42. Rb1 {[%emt 0:01:26]} Nd5 {[%emt 0:02:44]} 43. Rd1 {[%emt 0:01:18]} Nb6 {[%emt 0:00:19]} 44. Rb1 {[%emt 0:01:29]} Nd5 {[%emt 0:00:13]} 45. Bf3 {[%emt 0:01:10]} Nc7 {[%emt 0:01:18]} 46. Qb3 {[%emt 0:01:33]} Rd8 {[%emt 0:01:17]} 47. Qc2 {[%emt 0:03:55]} Rd7 {[%emt 0:00:25]} 48. g3 {[%emt 0:00:25]} Qe6 {[%emt 0:01:06]} 49. Kg2 {[%emt 0:01:34]} Qe5 {[%emt 0:02:04]} 50. Qb3 {[%emt 0:01:51]} Qd6 {[%emt 0:01:23]} (50... Ne6 {looks sharper.} 51. Rc1 Ng5 52. Be2 Qe4+) 51. Be2 {[%emt 0:01:54]} Qd5+ {[%emt 0:00:14]} (51... h4 {is more complex.} 52. g4 Qe5 53. Bf3 Ne6) 52. Qxd5 {[%emt 0:00:11]} Rxd5 {[%emt 0:00:27]} 53. f4 {[%emt 0:00:50]} Rd8 {[%emt 0:03:30]} 54. e4 {[%emt 0:02:00]} Bd4 {[%emt 0:03:02]} (54... h4 $11 {remains equal.}) 55. Kf3 {[%emt 0:01:49]} Kf8 {[%emt 0:01:43]} 56. e5 {[%emt 0:02:50]} Ke7 {[%emt 0:04:26]} 57. Rd1 {[%emt 0:05:42]} Bb6 {[%emt 0:01:33]} (57... Bb2 $14) 58. Rxd8 $16 {[%emt 0:01:04]} Kxd8 {[%emt 0:00:04][%mdl 4096] Endgame KBB-KBN} 59. Ke4 {[%emt 0:00:10]} Bg1 {[%emt 0:02:01]} 60. g4 {[%emt 0:00:18]} hxg4 {[%emt 0:00:07]} 61. hxg4 {[%emt 0:00:08]} b5 {[%emt 0:00:20]} 62. a5 {[%emt 0:01:04]} Nd5 {[%emt 0:02:11]} 63. Bd1 {[%emt 0:01:22]} Ne3 {[%emt 0:00:27]} (63... Bh2 $16 {was worth a try.}) 64. Bb3 $18 {[%emt 0:01:04]} Ke8 {[%emt 0:02:02]} 65. e6 $2 {[%emt 0:02:19]} (65. Kf3 $1 $16) 65... f6 {[%emt 0:00:24]} (65... f5+ $11 66. gxf5 Nxf5) 66. f5 $16 {[%emt 0:01:00]} g5 {[%emt 0:02:06]} 67. Kf3 {[%emt 0:00:14] Strongly threatening Bc3.} Ke7 {[%emt 0:03:28]} 68. Bd2 {[%emt 0:01:52]} Nf1 $2 {[%emt 0:01:07][%mdl 8192] This move loses the game for Black.} (68... Nd5 $16 {is a better chance.}) 69. Bc1 $1 $18 {[%emt 0:02:35] And now Bd1 would win.} Bd4 {[%emt 0:01:39] [#]} 70. Ke2 $1 {[%emt 0:00:12]} Ng3+ {[%emt 0:01:24] [#]} 71. Kd3 $1 {[%emt 0:00:07]} Ba7 {[%emt 0:00:24]} (71... Be5 $142 72. Bd1 Bd6) 72. Bd1 {[%emt 0:02:36]} (72. Be3 $142 Bxe3 73. Kxe3) 72... Nh1 {[%emt 0:01:39]} (72... Nf1 $142 73. Be2 Ng3) 73. Bf3 $1 {[%emt 0:00:08][%csl LRc6,LRh1]} Nf2+ {[%emt 0:00:20]} 74. Ke2 {[%emt 0:00:04] Hoping for Be3.} Kd6 {[%emt 0:01:04]} 75. Bb2 {[%emt 0:00:57]} Ke7 {[%emt 0:00:05]} 76. Ba1 {[%emt 0:00:34]} Nh3 {[%emt 0:00:38]} 77. Bxc6 {[%emt 0:00:09] Black must now prevent Bb7.} Nf2 {[%emt 0:00:34]} 78. Bf3 {[%emt 0:00:27]} Nh3 {[%emt 0:00:06]} 79. Bb7 {[%emt 0:00:11]} Nf2 {[%emt 0:00:09]} 80. Kf3 {[%emt 0:00:30]} Nd3 {[%emt 0:00:13]} 81. Bc3 {[%emt 0:00:15]} Ne5+ {[%emt 0:00:07]} 82. Bxe5 {[%emt 0:00:19] White mates.} fxe5 {[%emt 0:00:04]} 83. Bxa6 {[%emt 0:00:04]} Bd4 {[%emt 0:00:12]} 84. Bxb5 {[%emt 0:00:04]} Bc3 {[%emt 0:00:04]} 85. a6 {[%emt 0:00:05]} Bd4 {[%emt 0:00:03]} 86. Ke4 {[%emt 0:00:05]} Kd6 {[%emt 0:00:18]} 87. Bc4 {[%emt 0:00:28] Weighted Error Value: White=0.09 (flawless) /Black=0.09 (flawless)} 1-0

[Event "Swedish Elitserien 2021-22"]
[Site "Sodertalje"]
[Date "2022.05.14"]
[Round "8.20"]
[White "Seo, Jung Min"]
[Black "Engqvist, Thomas"]
[Result "*"]
[WhiteElo "2483"]
[BlackElo "2332"]
[Annotator "TA"]
[PlyCount "34"]
[EventDate "2022.05.13"]
[EventType "team-tourn"]
[EventCountry "SWE"]
[SourceTitle "playchess.com"]
[Source "ChessBase"]
[SourceQuality "1"]

{[%evp 17,18,16,29]} 1. d4 {[%emt 0:00:01]} Nf6 {[%emt 0:00:44]} 2. c4 {[%emt 0:00:04]} c6 {[%emt 0:00:59]} 3. Nf3 {[%emt 0:00:17]} d5 {[%emt 0:00:06]} 4. e3 {[%emt 0:00:10]} g6 {[%emt 0:01:02]} 5. Nc3 {[%emt 0:00:18]} Bg7 {[%emt 0:00:14]} 6. Bd3 {[%emt 0:00:32]} O-O {[%emt 0:00:16]} 7. O-O {[%emt 0:00:29]} Bg4 {[%emt 0:00:19]} 8. h3 {[%emt 0:00:22]} Bxf3 {[%emt 0:00:03]} 9. Qxf3 {[%emt 0:00:03]} e6 {[%emt 0:00:28] [#]} {Predecessor:} 10. Rd1 $146 {D94: Grünfeld: 4 Nf3 Bg7 5 e3.} Nbd7 11. Bd2 Re8 12. Be1 a6 13. Rac1 Rc8 14. a3 Qe7 15. Bf1 h5 16. Qg3 b5 17. cxd5 cxd5 {½-½ (17) Dreev,A (2647)-Malakhov,V (2665) Sochi 2021} *

[Event "Swedish Elitserien 2021-22"]
[Site "Sodertalje"]
[Date "2022.05.14"]
[Round "8.20"]
[White "Wedberg, Tom"]
[Black "Hedman, Erik"]
[Result "1/2-1/2"]
[WhiteElo "2395"]
[BlackElo "2333"]
[Annotator "TA"]
[PlyCount "45"]
[EventDate "2022.05.13"]
[EventType "team-tourn"]
[EventCountry "SWE"]
[SourceTitle "playchess.com"]
[Source "ChessBase"]
[SourceQuality "1"]

{[%evp 17,45,41,43,24,30,38,29,28,17,25,59,33,52,29,26,29,25,27,25,34,45,49,43,40,45,63,41,28,12,0]} 1. e4 {[%emt 0:00:02]} d6 {[%emt 0:00:09]} 2. d4 {[%emt 0:00:09]} Nf6 {[%emt 0:00:06]} 3. Nc3 {[%emt 0:00:10]} e5 {[%emt 0:00:05]} 4. Nf3 {[%emt 0:00:24]} Nbd7 {[%emt 0:00:05]} 5. Bc4 {[%emt 0:00:21]} Be7 {[%emt 0:00:09]} 6. O-O {[%emt 0:00:11]} O-O {[%emt 0:00:04]} 7. Re1 {[%emt 0:00:10]} c6 {[%emt 0:00:15]} 8. a4 {[%emt 0:00:33]} h6 {[%emt 0:00:33]} 9. h3 {[%emt 0:00:32]} Re8 {[%emt 0:00:26]} 10. a5 {[%emt 0:04:55] C41: Philidor Defence.} Qc7 {[%emt 0:00:56]} 11. Be3 {[%emt 0:02:12][%cal Bc1e3,Be3f4,Bf4h2][%mdl 32]} exd4 $1 {[%emt 0:00:39][%mdl 4] outshines the older 11...Nf8.} 12. Nxd4 {[%emt 0:02:21] White has an edge.} Bf8 {[%emt 0:02:05]} 13. Bf4 {[%emt 0:02:34]} Ne5 {[%emt 0:03:43]} 14. Bf1 {[%emt 0:05:15]} Rb8 {[%emt 0:05:53] [#]} 15. Bh2 $146 {[%emt 0:13:06]} ({Predecessor:} 15. Be3 b6 16. axb6 axb6 17. Nf3 b5 18. Nxe5 dxe5 19. Qf3 {½-½ (32) Zatonskih,V (2395)-Ionescu,M (2395) Bucharest 1997}) 15... b5 {[%emt 0:02:22]} 16. axb6 $1 {[%emt 0:02:06]} axb6 {[%emt 0:00:34]} 17. f4 {[%emt 0:06:34]} Ng6 {[%emt 0:00:07]} 18. Nf3 {[%emt 0:02:05]} b5 {[%emt 0:10:23] [#] Hoping for ...b4.} 19. e5 {[%emt 0:03:05]} b4 {[%emt 0:11:47]} 20. exf6 {[%emt 0:14:10]} Rxe1 {[%emt 0:01:12]} 21. Qxe1 {[%emt 0:00:14] Strongly threatening Ne4.} bxc3 {[%emt 0:00:05]} 22. bxc3 {[%emt 0:06:02]} gxf6 {[%emt 0:11:09]} 23. Bd3 {[%emt 0:06:02] Weighted Error Value: White=0.07 (flawless) /Black=0.05 (flawless)} 1/2-1/2

[Event "Swedish Elitserien 2021-22"]
[Site "Sodertalje"]
[Date "2022.05.14"]
[Round "8.21"]
[White "Barkhagen, Jonas"]
[Black "Wessman, Richard"]
[Result "1/2-1/2"]
[WhiteElo "2433"]
[BlackElo "2422"]
[Annotator "TA"]
[PlyCount "143"]
[EventDate "2022.05.13"]
[EventType "team-tourn"]
[EventCountry "SWE"]
[SourceTitle "playchess.com"]
[Source "ChessBase"]
[SourceQuality "1"]

{[%evp 16,143,22,8,0,0,0,0,9,15,25,0,0,7,10,0,0,0,0,-14,30,33,20,12,252,0,-6,-20,0,-2,0,0,53,24,22,6,10,15,24,19,20,15,18,15,34,39,46,46,59,40,101,114,103,111,196,114,114,114,114,114,114,114,114,114,114,114,114,114,114,114,114,114,114,114,114,80,80,80,80,68,114,114,114,114,145,145,145,145,145,145,145,145,145,145,145,145,145,145,145,145,145,145,145,145,145,145,145,145,145,145,145,145,145,0,145,145,145,145,145,145,145,145,145,145,145,145,145,0,0,0]} 1. d4 {[%emt 0:00:04]} d5 {[%emt 0:00:15]} 2. c4 {[%emt 0:00:08]} c6 {[%emt 0:00:04]} 3. Nc3 {[%emt 0:03:26]} Nf6 {[%emt 0:00:07]} 4. cxd5 {[%emt 0:00:29]} cxd5 {[%emt 0:00:07]} 5. Bf4 {[%emt 0:00:04]} Nc6 {[%emt 0:03:47]} 6. e3 {[%emt 0:00:57]} Bf5 {[%emt 0:05:11]} 7. Qb3 {[%emt 0:13:10]} Na5 {[%emt 0:22:02]} 8. Qa4+ {[%emt 0:05:31]} Bd7 {[%emt 0:00:33]} 9. Bb5 {[%emt 0:01:38]} e6 {[%emt 0:07:29] D10: Slav Defence: 3 cxd5 (without early Nf3) and 3 Nc3.} 10. Nf3 {[%emt 0:10:47]} a6 {[%emt 0:01:47]} 11. Bxd7+ {[%emt 0:00:07]} Nxd7 {[%emt 0:00:05]} 12. O-O {[%emt 0:00:23]} Rc8 {[%emt 0:11:04]} 13. Rfc1 {[%emt 0:07:03][%cal Oc3d5]} (13. e4 $5 {[%cal Re4d5]}) 13... Rc4 {[%emt 0:00:32]} 14. Qd1 {[%emt 0:02:30] [#]} Bb4 $146 {[%emt 0:01:16]} ({Predecessor:} 14... Be7 15. e4 dxe4 16. Nxe4 O-O 17. Rxc4 Nxc4 18. Rc1 b5 19. Qe2 Qa8 20. b3 Ncb6 {0-1 (61) Sergeev,V (2451)-Blomqvist,E (2515) Teplice 2016}) 15. Qd3 {[%emt 0:14:21]} O-O {[%emt 0:01:30]} 16. Ng5 {[%emt 0:05:40][%csl Gg5][%cal Rd3h7]} g6 {[%emt 0:01:22]} 17. e4 {[%emt 0:02:41]} Qf6 {[%emt 0:04:13] [#]} (17... Be7 $5 {[%cal Re7g5]} 18. Nf3 dxe4 19. Nxe4 Rxc1+ 20. Rxc1 Nc6 $11) 18. Qh3 $1 {[%emt 0:02:27][%csl Gg5][%cal Rh3h7]} h5 {[%emt 0:00:41][%cal Bh7h5,Bh5h4][%mdl 32]} 19. Ne2 {[%emt 0:11:05]} dxe4 $2 {[%emt 0:10:48]} (19... Re8 $11) 20. Nxe4 $2 {[%emt 0:03:08]} ({Only move:} 20. Rxc4 $1 $18 Nxc4 21. Qb3) 20... Qf5 $11 {[%emt 0:00:16]} 21. Qxf5 {[%emt 0:00:45]} (21. Qe3 {seems wilder.} e5 22. Bh6 Re8 23. Qd3) 21... gxf5 {[%emt 0:02:23]} 22. N4g3 {[%emt 0:01:02][%cal Be4g3,Bg3f1,Bf1e3][%mdl 32]} h4 {[%emt 0:00:58]} 23. Nf1 {[%emt 0:00:16]} Be7 {[%emt 0:01:16]} (23... Rfc8 $11) 24. Ne3 {[%emt 0:03:54]} (24. Bd2 $5 {[%cal Rd2a5]} Rxc1 25. Rxc1 $14) 24... Rcc8 {[%emt 0:00:24]} 25. Rc7 {[%emt 0:03:24]} Rxc7 {[%emt 0:00:57]} 26. Bxc7 {[%emt 0:00:06]} Nc6 {[%emt 0:00:15]} 27. d5 $36 {[%emt 0:00:17][%mdl 2048] Black is under pressure.} Nb4 {[%emt 0:05:13]} 28. Nf4 {[%emt 0:04:56]} Rc8 {[%emt 0:00:37]} 29. Ba5 {[%emt 0:00:10]} Nxd5 {[%emt 0:03:38]} 30. Nfxd5 {[%emt 0:00:17]} exd5 {[%emt 0:00:06]} 31. Nxd5 {[%emt 0:00:20]} Bf6 {[%emt 0:00:53]} 32. Rd1 {[%emt 0:02:13]} Rc2 {[%emt 0:01:21]} (32... Rc5 $14 33. Bb4 Rc2) 33. Ne3 $1 $16 {[%emt 0:01:52][%csl LRc2,LRd7,LRf5]} Rxb2 {[%emt 0:00:09]} 34. Rxd7 {[%emt 0:00:07]} Rxa2 {[%emt 0:00:04]} (34... f4 $16) 35. Bb6 {[%emt 0:00:21]} ({White should try} 35. Be1 $18) 35... f4 {[%emt 0:00:23] [#]} 36. Nf1 {[%emt 0:00:21]} ({Not} 36. Rxb7 $2 fxe3 37. fxe3 Rb2 38. Rb8+ Kh7 $19) 36... a5 {[%emt 0:00:16]} 37. Rxb7 {[%emt 0:00:17]} Rb2 {[%emt 0:00:25] [#]} 38. Rb8+ $1 {[%emt 0:00:33]} Kg7 {[%emt 0:00:06]} 39. Bc7 {[%emt 0:00:12] Black must now prevent Rxb2.} Rxb8 {[%emt 0:00:23]} 40. Bxb8 {[%emt 0:00:10]} a4 {[%emt 0:00:16]} 41. Bxf4 {[%emt 0:07:15] Bc1 is the strong threat.} a3 {[%emt 0:00:23] Threatens to win with ...a2.} 42. Ne3 {[%emt 0:00:26]} a2 {[%emt 0:00:14]} 43. Nc2 {[%emt 0:00:13]} Kg6 {[%emt 0:00:19]} 44. Kf1 {[%emt 0:00:32]} Kf5 {[%emt 0:00:31]} 45. Be3 {[%emt 0:00:14] And now Bd4 would win.} a1=Q+ {[%emt 0:04:32]} 46. Nxa1 {[%emt 0:00:06]} Bxa1 {[%emt 0:00:04][%mdl 4096] Endgame KB-KB} 47. Ke2 {[%emt 0:02:45]} Be5 {[%emt 0:13:51]} (47... h3 $1 $14) 48. h3 {[%emt 0:00:50]} Bf6 {[%emt 0:01:01]} 49. Kd3 {[%emt 0:00:17]} Be5 {[%emt 0:00:24]} 50. Kc4 {[%emt 0:00:30]} Bf6 {[%emt 0:00:43]} 51. Kd5 {[%emt 0:00:11]} Bc3 {[%emt 0:01:33]} 52. Bd4 {[%emt 0:03:03]} Bd2 {[%emt 0:02:09]} 53. Bb6 {[%emt 0:00:46]} Be1 {[%emt 0:01:18]} 54. Bc5 {[%emt 0:00:57]} Bd2 {[%emt 0:03:07]} 55. Be7 {[%emt 0:00:32]} f6 {[%emt 0:00:08]} 56. Bc5 {[%emt 0:00:08]} Bf4 {[%emt 0:00:44]} 57. Bd6 {[%emt 0:01:41] Hoping for Bxf4.} Bd2 {[%emt 0:00:09]} 58. Bc7 {[%emt 0:00:17]} Bb4 {[%emt 0:00:17]} 59. Bb6 {[%emt 0:00:45]} Bc3 {[%emt 0:03:43]} 60. Kd6 {[%emt 0:00:43]} Be5+ {[%emt 0:01:10]} 61. Ke7 {[%emt 0:01:34]} Kg6 {[%emt 0:05:25]} 62. Ke6 {[%emt 0:01:25] aiming for Bd8.} Bc3 {[%emt 0:00:13]} 63. Bd8 {[%emt 0:06:42]} Be1 {[%emt 0:00:17]} 64. Bb6 {[%emt 0:01:41] Strongly threatening Bd4.} Bc3 {[%emt 0:00:57] Against Bd4} 65. Bc5 {[%emt 0:00:20]} Bd2 {[%emt 0:03:12]} 66. Bd4 {[%emt 0:02:02]} Be1 {[%emt 0:00:15]} 67. f3 {[%emt 0:08:46]} f5 {[%emt 0:00:17]} 68. Bf6 {[%emt 0:00:09]} Bg3 {[%emt 0:02:19]} 69. Bd8 {[%emt 0:00:05]} Be1 {[%emt 0:00:11]} 70. Ke5 {[%emt 0:00:05]} Bc3+ {[%emt 0:01:08]} 71. Kf4 {[%emt 0:00:35]} (71. Kd5 $16 Be1 72. Ke6) 71... Bd2+ $11 {[%emt 0:00:35]} 72. Ke5 {Weighted Error Value: White=0.15 (very precise) /Black=0.17 (very precise)} 1/2-1/2

[Event "Swedish Elitserien 2021-22"]
[Site "Sodertalje"]
[Date "2022.05.14"]
[Round "8.21"]
[White "Wedberg, Tom"]
[Black "Hedman, Erik"]
[Result "*"]
[WhiteElo "2395"]
[BlackElo "2333"]
[Annotator "TA"]
[PlyCount "34"]
[EventDate "2022.05.13"]
[EventType "team-tourn"]
[EventCountry "SWE"]
[SourceTitle "playchess.com"]
[Source "ChessBase"]
[SourceQuality "1"]

{[%evp 17,18,45,35]} 1. e4 {[%emt 0:00:02]} d6 {[%emt 0:00:09]} 2. d4 {[%emt 0:00:09]} Nf6 {[%emt 0:00:06]} 3. Nc3 {[%emt 0:00:10]} e5 {[%emt 0:00:05]} 4. Nf3 {[%emt 0:00:24]} Nbd7 {[%emt 0:00:05]} 5. Bc4 {[%emt 0:00:21]} Be7 {[%emt 0:00:09]} 6. O-O {[%emt 0:00:11]} O-O {[%emt 0:00:04]} 7. Re1 {[%emt 0:00:10]} c6 {[%emt 0:00:15]} 8. a4 {[%emt 0:00:33]} h6 {[%emt 0:00:33] now supersedes 8...b6.} 9. h3 {[%emt 0:00:32]} Re8 {[%emt 0:00:26] [#]} {Predecessor:} 10. a5 $146 {C41: Philidor Defence.} exd4 11. Nxd4 Bf8 12. Bf4 Nc5 13. Qf3 Bd7 14. e5 d5 15. exf6 Qxf6 16. Bxd5 cxd5 17. Rxe8 Bxe8 {½-½ (34) Svidler,P (2701)-Berkes,F (2671) Struga 2021} *

[Event "Swedish Elitserien 2021-22"]
[Site "Sodertalje"]
[Date "2022.05.14"]
[Round "8.22"]
[White "Barkhagen, Jonas"]
[Black "Wessman, Richard"]
[Result "*"]
[WhiteElo "2433"]
[BlackElo "2422"]
[Annotator "TA"]
[PlyCount "35"]
[EventDate "2022.05.13"]
[EventType "team-tourn"]
[EventCountry "SWE"]
[SourceTitle "playchess.com"]
[Source "ChessBase"]
[SourceQuality "1"]

{[%evp 9,9,25]} 1. d4 {[%emt 0:00:04]} d5 {[%emt 0:00:15]} 2. c4 {[%emt 0:00:08]} c6 {[%emt 0:00:04]} 3. Nc3 {[%emt 0:03:26]} Nf6 {[%emt 0:00:07]} 4. cxd5 {[%emt 0:00:29]} cxd5 {[%emt 0:00:07]} 5. Bf4 {[%emt 0:00:04] [#] An uneventful encounter.} {Predecessor:} Nc6 $146 6. e3 {D13: Slav Defence: Exchange variation without ...Bf5.} e6 7. Bd3 Be7 8. h3 O-O 9. Nf3 Bd7 10. O-O Qa5 11. Ne5 Rfc8 12. Bg5 Be8 13. a3 Qd8 14. f4 Nd7 15. Bxe7 Nxe7 16. Qg4 Nf8 17. Qe2 f6 18. Nf3 {½-½ (41) Vidit,S (2723)-Kamsky,G (2661) Chess.com INT 2022} *